00365nam a2200157Ia 4500008004100000020001800041041000800059082000800067100001500075245002700090260003800117300000900155500000700164650001700171700001900188220803s9999 xx 000 0 und d a9789386228567 aeng a820 aGanguly S. aCentury Is Not Enough. aNew DelhibJuggernaut Booksc2018 a264p a35 aArchitecture aBhattacharya G